Alvar Aalto, architect / (Record no. 352805)

000 -LEADER
fixed length control field 00907 a2200265 4500
003 - CONTROL NUMBER IDENTIFIER
control field OSt
005 - DATE AND TIME OF LATEST TRANSACTION
control field 20180116192347.0
008 - FIXED-LENGTH DATA ELEMENTS--GENERAL INFORMATION
fixed length control field 120213t xxu||||| |||| 00| 0 eng d
010 ## - LIBRARY OF CONGRESS CONTROL NUMBER
LC control number 2010411524
020 ## - INTERNATIONAL STANDARD BOOK NUMBER
International Standard Book Number 9789525498004 (28-v. set : hd.bd.)
020 ## - INTERNATIONAL STANDARD BOOK NUMBER
International Standard Book Number 952549800X (28-v. set : hd.bd.)
020 ## - INTERNATIONAL STANDARD BOOK NUMBER
International Standard Book Number 9789525498103 (v. 16 : hf.cl.)
035 ## - SYSTEM CONTROL NUMBER
System control number (GyWOH)har045012228
040 ## - CATALOGING SOURCE
Transcribing agency 0
082 ## - DEWEY DECIMAL CLASSIFICATION NUMBER
Classification number 720.94897
245 00 - TITLE STATEMENT
Title Alvar Aalto, architect /
Statement of responsibility, etc. [editor: Juhani Pallasmaa].
260 ## - PUBLICATION, DISTRIBUTION, ETC.
Place of publication, distribution, etc. Helsinki :
Name of publisher, distributor, etc. Alvar Aalto Foundation :
-- Alvar Aalto Academy,
Date of publication, distribution, etc. 2003.
300 ## - PHYSICAL DESCRIPTION
Extent 152 p. :
Other physical details ill. (some col.) ;
Dimensions 25 x 31 cm.
600 10 - SUBJECT ADDED ENTRY--PERSONAL NAME
Personal name Aalto, Alvar,
Dates associated with a name 1898-1976
General subdivision Criticism and interpretation.
650 10 - SUBJECT ADDED ENTRY--TOPICAL TERM
Topical term or geographic name entry element Architecture
651 10 - SUBJECT ADDED ENTRY--GEOGRAPHIC NAME
Geographic name Finland
Geographic subdivision Helsinki.
700 1# - ADDED ENTRY--PERSONAL NAME
Personal name Pallasmaa, Juhani.
942 ## - ADDED ENTRY ELEMENTS (KOHA)
Institution code [OBSOLETE] SADA
Koha item type Book
Call number prefix 720.94897 ALV 2009
Source of classification or shelving scheme
Holdings
Withdrawn status Lost status Source of classification or shelving scheme Damaged status Not for loan Permanent Location Current Location Date acquired Total Checkouts Full call number Barcode Date last seen Date last checked out Cost, replacement price Price effective from Koha item type
          School of Art Design and Architecture (SADA) School of Art Design and Architecture (SADA) 04/13/2011 5 720.94897 ALV 2003 SADA0000859 12/18/2013 12/16/2013 14728.00 08/05/2011 Book
© 2023 Central Library, National University of Sciences and Technology. All Rights Reserved.